Salo Hershman´s projects /
Gespeichert in:
| 1. Verfasser: | |
|---|---|
| Format: | Buch |
| Sprache: | Englisch |
| Veröffentlicht: |
Stuttgart :
Karl Krämer Verlag,
2013
Zürich : 2013 |
| Ausgabe: | 1. vydanie |
| Schlagworte: | |
| Tags: |
Keine Tags, Fügen Sie das erste Tag hinzu!
|
MARC
| LEADER | 00000nam a22000003a 4500 | ||
|---|---|---|---|
| 001 | 0069172 | ||
| 003 | SK-STU | ||
| 005 | 20190402145622.3 | ||
| 007 | ta | ||
| 008 | 181128s ----xo-----e------000-0-----d | ||
| 020 | |a 978-3-7828-1616-8 | ||
| 040 | |a STU |b slo | ||
| 041 | 0 | |a eng | |
| 044 | |a gw | ||
| 100 | 1 | |a Hershman, Salo |4 aut | |
| 245 | 1 | 0 | |a Salo Hershman´s projects / |c aut. Salo Hershman |
| 250 | |a 1. vydanie | ||
| 260 | |a Stuttgart : |b Karl Krämer Verlag, |c 2013 | ||
| 260 | |a Zürich : |b Karl Krämer Verlag, |c 2013 | ||
| 300 | |a 291 s. | ||
| 650 | 0 | 7 | |a obytné budovy |
| 650 | 0 | 7 | |a budovy pre kultúru a voľný čas |
| 650 | 0 | 7 | |a kultúrne centrum |
| 650 | 0 | 7 | |a centrum umenia |
| 650 | 0 | 7 | |a fakulta architektúry |
| 650 | 0 | 7 | |a urbanizmus |
| 650 | 0 | 7 | |a občianske budovy |
| 650 | 0 | 7 | |a stavby kultúrne |
| 650 | 0 | 7 | |a Izrael |
| 650 | 0 | 7 | |a Tel Aviv |
| 650 | 0 | 7 | |a architektonická tvorba |
| 996 | |b 284AU07780 |c A* 11034/U |l AAKNAR |s A |a 24 |w 0069172_0001 | ||